Представление документа в формате MARC21

Поле Инд. ПП Название Значение
Тип записи a
Библиографический уровень b
001 Контрольный номер 27b5e4e920c84c61a0ea2a9172d3e93d
005 Дата корректировки 20200626083111.6
008 Кодируемые данные 20170331
040 b Код языка каталог. rus
e Правила каталог. PSBO
041 0_ a Код языка текста rus
084 a Индекс другой классификации/Индекс ББК 67.00; 67.022.14; 67.1(0)
100 1_ a Автор Белова М. А.
245 10 a Заглавие Толкование, правоприменение и юридическая герменевтика
520 0_ a Аннотация В статье представлены различные положения и эволюция философии Л. Витгенштейна: теория отражения, описанная в Логико-философском трактате, идея и метод «языковых игр», концепция «Философских исследований». Рассмотрены развитие и рецепция философских идей Витгенштейна в этнометодологии Г. Гарфинкеля, теории толкования П. Шиффауэра, теории права Г. Харта и Х. Экмана
600 14 a Персоналии Шиффауэр П.; Гарфинкель Гарольд; Харт Г.; Экман Х.; Витгенштейн Людвиг
650 14 a Основная рубрика право; теория права; философия права; история правовых учений
653 0_ a Ключевые слова аналогия права
a Ключевые слова правоприменение
a Ключевые слова теория отражения
a Ключевые слова толкование права
a Ключевые слова философия языка
a Ключевые слова философские идеи
a Ключевые слова философские исследования
a Ключевые слова философско-правовые идеи
a Ключевые слова этнометодология
a Ключевые слова юридическая герменевтика
a Ключевые слова языковая игра
773 08 t Заглавие источника Российская юстиция
d Дата издания источника 2020
g Прочая информация № 3. - С. 44 - 49
w Контрольный № источника e7466aa06b2540358281e2135db0f8ff
901 t Тип документа b